000 004530000a22001810004500
003 MACL
005 20150918103629.0
008 150918b xxu||||| |||| 00| 0 eng d
040 _aMACL
_cMACL
041 _aEnglish
082 _a824/ACH
100 _aMenon, C. Achutha
_911673
245 _aFor An Indian Model
260 _bC. Achutha Menon Foundation
_c1993
_aThiruvananthapuram
350 _a250
650 _aEssays
_911674
942 _cBK
_k824
_2ddc
999 _c3730
_d3730